Marmaray Metro Stations - Statistics

General Stats
  • This quiz has been taken 23 times
  • The average score is 23 of 43
Answer Stats
Answer % Correct
Üsküdar
100%
Ayrılık Çeşmesi
87%
Gebze
87%
Halkalı
87%
Sirkeci
87%
Pendik
80%
Söğütlüçeşme
80%
Yenikapı
73%
Ataköy
67%
Göztepe
67%
Maltepe
67%
Tuzla
67%
Bakırköy
60%
Bostancı
60%
Erenköy
60%
Feneryolu
60%
Florya
60%
Kartal
60%
Suadiye
60%
Zeytinburnu
60%
Cevizli
53%
Florya Akvaryum
53%
İçmeler
53%
Mustafa Kemal
53%
Kazlıçeşme
47%
Süreyya Plajı
47%
Atalar
40%
Fatih
40%
Yeşilköy
40%
Yunus
40%
Başak
33%
Çayırova
33%
Darıca
33%
Kaynarca
33%
Küçükçekmece
33%
Yenimahalle
33%
Aydıntepe
27%
Küçükyalı
27%
Osmangazi
27%
Güzelyalı
20%
İdealtepe
20%
Tersane
20%
Yeşilyurt
20%
No matching quizzes found
Score Distribution
Percent of People with Each Score
Percentile by Number Answered
Your Score History
You have not taken this quiz